Giới thiệu phương pháp viết nhật ký trong giảng dạy kỹ năng viết tiếng anh bậc tiểu học

Cơ quan chủ trì: Trường Đại học Thủ Dầu Một; Đề tài NCKH của sinh viên tham gia cuộc thi sinh viên nghiên cứu khoa học năm học 2016-2017.; Nội dung gồm có 2 chương: Chương 1. Cơ sở lý luận về phương pháp viết nhật ký trong giảng dạy kỹ năng vie...

Volledige beschrijving

Bewaard in:
Bibliografische gegevens
Hoofdauteur: Nguyễn, Ngọc Châu Ngân
Andere auteurs: Huỳnh, Thị Trúc Liễu
Formaat: Boek
Taal:Undetermined
Gepubliceerd in: Bình Dương 2017
Onderwerpen:
Online toegang:http://lrc.tdmu.edu.vn/opac/search/detail.asp?aID=2&ID=38049
Tags: Voeg label toe
Geen labels, Wees de eerste die dit record labelt!
Thư viện lưu trữ: Trung tâm Học liệu Trường Đại học Thủ Dầu Một
LEADER 01536nam a2200193Ia 4500
001 TDMU_38049
008 210410s9999 xx 000 0 und d
082 |a 349.42 
100 |a Nguyễn, Ngọc Châu Ngân 
245 0 |a Giới thiệu phương pháp viết nhật ký trong giảng dạy kỹ năng viết tiếng anh bậc tiểu học 
245 0 |c Nguyễn Ngọc Châu Ngân, Nguyễn Thị Châu Ngân; Ths.Huỳnh Thị Trúc Liễu (hướng dẫn) 
260 |a Bình Dương 
260 |c 2017 
300 |a 73tr 
520 |a Cơ quan chủ trì: Trường Đại học Thủ Dầu Một; Đề tài NCKH của sinh viên tham gia cuộc thi sinh viên nghiên cứu khoa học năm học 2016-2017.; Nội dung gồm có 2 chương: Chương 1. Cơ sở lý luận về phương pháp viết nhật ký trong giảng dạy kỹ năng viết tiếng anh bậc tiểu học. Chương 2. Tổ chức nghiên cứu thực nghiệm phương pháp viết nhật ký trong giảng dạy kỹ năng viết tiếng anh ở trường tiểu học Phú Hòa 3 
650 |a Báo cáo tổng kết; Giáo dục tiểu học  |x Kỹ năng viết tiếng anh  |x Phương pháp viết nhật ký 
700 |a Huỳnh, Thị Trúc Liễu 
856 |u http://lrc.tdmu.edu.vn/opac/search/detail.asp?aID=2&ID=38049 
980 |a Trung tâm Học liệu Trường Đại học Thủ Dầu Một